| 000 | 00557nam a2200193Ia 4500 | ||
|---|---|---|---|
| 008 | 230125s9999 xx 000 0 und d | ||
| 020 | _a1-84112-327-7 | ||
| 041 | _aeng | ||
| 082 |
_a658.4012 _bBIR |
||
| 100 |
_aBirchall D _9109768 |
||
| 245 | _aFuture Proofing | ||
| 260 |
_c2002 _bCapstone publication _aLondon |
||
| 300 | _a164p | ||
| 440 |
_aEssential Management Thinking At Your Fingertips Series _9107434 |
||
| 500 | _aSeries Book;strategy Series Book | ||
| 700 |
_aBirchall D & Tovstiga G _9109769 |
||
| 906 | _b24 | ||
| 999 |
_c86456 _d86456 |
||